Uzbrojenie Podczas "Wielkiej Wojny" - Statystyki

Ogólne statystyki
  • Ten quiz został rozwiązany 33 razy
  • Średni wynik to 44 z 75
Statystyki odpowiedzi
Broń Państwo/Państwa % Poprawnych
Broń Chemiczna Niemcy,Francja,Wielka Brytania
100%
Iperyty Niemcy,Hiszpania,Polska,Wielka Brytania,Związek Radziecki,Włochy,Irak,Japonia,Egipt
89%
Granat No. 8 Wielka Brytania,Stany Zjednoczone
89%
Pancerz Brewstera Stany Zjednoczone
71%
Uzbrojony statek handlowy Wielka Brytania,Hiszpania,Francja,Holandia,Stany Zjednoczone
71%
155 mm armata mle 1917 GPF Francja,Stany Zjednoczone
68%
Pałka okopowa Francja,Wielka Brytania,Rosja,Niemcy,Austro-Węgry,Imperium Osmańskie,Bułgaria
68%
Fahrpanzer Niemcy
68%
M-Gerät Niemcy
68%
15 cm ciężka haubica vz. 15 Austro-Węgry,Niemcy,Czechosłowacja,Finlandia
64%
15 cm ciężka haubica vz. 14 Austro-Węgry,Niemcy,Czechosłowacja,Polska,Włochy
64%
10 cm Kanone 14 Niemcy
64%
10 cm Kanone 17 Niemcy
64%
Działo paryskie Niemcy
64%
76 mm armata górska wz. 1909 Rosja,Francja,Polska,Finlandia
64%
Armata 18-funtowa Wielka Brytania,Stany Zjednoczone
64%
3.7 cm Infanteriegeschütz M.15 Austro-Węgry
61%
7 cm Gebirgskanone M.99 Austro-Węgry
61%
10 cm Gebirgshaubitze M.16 Austro-Węgry
61%
30,5 cm moździerz oblężniczy vz. 11 Škoda Austro-Węgry
61%
38 cm Haubitze M.16 Austro-Węgry
61%
42 cm Küstenhaubitze M.14 Austro-Węgry
61%
7,5 cm Gebirgskanone M.15 Austro-Węgry,Czechosłowacja,Włochy
61%
42 cm Autohaubitze M.17 Austro-Węgry,Niemcy,Czechosłowacja
61%
42 cm Autohaubitze M.16 Austro-Węgry,Rumunia
61%
240 mm armata mle 84/17 St. Chamond Francja
61%
220 mm armata mle 1917 Schneider Francja,Niemcy
61%
Canon de 194 mle GPF Francja,Niemcy,Rosja
61%
120 mm armata mle 1878 De Bange Francja,Polska,Finlandia,Serbia,Rumunia
61%
105 mm armata mle 1913 Schneider Francja,Polska,Niemcy
61%
145 mm armata mle 1916 St. Chamond Francja,Rumunia,Niemcy
61%
155 mm haubica mle 1917 Schneider Francja,Stany Zjednoczone,Polska,Rosja,Finlandia,Niemcy,Argentyna
61%
21 cm Mörser 16 Niemcy
61%
28 cm Küstenhaubitze Niemcy
61%
Nadarmata (na przykład Działo Paryskie) Niemcy
61%
15 cm Kanone 16 Niemcy,Belgia
61%
152 mm haubica wz. 1909 Rosja,Francja
61%
152 mm haubica wz. 1910 Rosja,Francja
61%
Armata 60-funtowa Wielka Brytania
61%
Gun Carrier Mark I Wielka Brytania
61%
Armata 15-funtowa Wielka Brytania,Niemcy
61%
Armata przeciwlotnicza 40 mm Mark II Wielka Brytania,Włochy,Rosja,Polska,Holandia
61%
8 cm FK M.5 Austro-Węgry,Polska
57%
9 cm FK M.75/96 Austro-Węgry,Polska
57%
3.7 cm Gebirgskanone M.13 Austro-Węgry.Polska,Ekwador
57%
155 mm haubica mle 1904 Francja
57%
155 mm haubica mle 1915 Francja
57%
75 mm armata mle 1897 Francja,Polska,Stany Zjednoczone,Niemcy,Belgia,Włochy,Serbia,Rumunia
57%
7,7 cm FK 96 n.A. Niemcy
57%
15 cm sFH 13 Niemcy
57%
10,5 cm leFH 16 Niemcy,Belgia
57%
7,7 cm FK 16 Niemcy,Belgia,Holandia
57%
15 cm sFH 02 Niemcy,Polska
57%
7 cm M.75 Polska,Austro-Węgry
57%
76 mm krótka armata wz. 1913 Rosja,Finlandia
57%
107 mm armata wz. 1910 Rosja,Francja
57%
Armata morska 102 mm (Zakłady Obuchowskie) Rosja,NKWD,Estonia,Peru
57%
76 mm armata polowa wz. 1902 Rosja,Polska,Rumunia
57%
Armata kolejowa 13,5-calowa Wielka Brytania,Francja
57%
Armata przeciwlotnicza 3-calowa Wielka Brytania,Francja,Finlandia
57%
75 mm armata 75/27 Modello 11 Włochy,Francja,Niemcy
57%
75 mm armata 75/27 Modello 06 Włochy,Niemcy
57%
305 mm haubica mod. 305/17 De Stefano Włochy,Niemcy
57%
Montaż Fostera Wielka Brytania,Niemcy
54%
210 mm moździerz 210/8 D.S. Włochy
50%
37 mm armata mle 1916 TRP Francja,Niemcy
46%
37 mm armata Puteaux SA 18 Francja,Polska
46%
75 mm armata przeciwlotnicza mle 1897 Francja,Polska
46%
65 mm armata górska mle 1906 Francja,Polska,Albania,Grecja,Izrael
46%
155 mm haubica M1918 Stany Zjednoczone
43%
Moździerz Stokesa Wielka Brytania
43%
75 mm armata polowa Typ 38 Japonia
39%
Haubica oblężnicza 15-calowa Wielka Brytania,Francja,Rosja
39%
Karabin peryskopowy Australia,Turcja
32%
Haubica górska 3,7-calowa Wspólnota Brytyjska
0%
Nie znaleziono quizów pasujących do podanych kryteriów
Rozkład punktacji
Procent ludzi z każdym wynikiem
Percentyl według liczby udzielonych odpowiedzi
Twoja historia wyników
Nie rozwiązałeś tego quizu